Statistics for Most Common Last Names in Mexico

Click here to take the quiz!

General Stats

  • This quiz has been taken 28 times
  • The average score is 8 of 15

Answer Stats

RankNumberAnswer% Correct
15,526,929Hernández
85%
53,148,024López
73%
24,129,360García
69%
33,886,887Martínez
69%
62,744,179Rodríguez
69%
43,188,693González
65%
11989,295Gómez
58%
72,746,468Pérez
54%
92,070,723Ramírez
54%
82,234,625Sánchez
50%
13811,553Díaz
38%
12841,966Torres
35%
101,392,707Flores
27%
14806,894Vásquez
19%
15800,874Cruz
19%

Score Distribution

Percentile by Number Answered

Percent of People with Each Score

Your Score History

You have not taken this quiz